| Record ID | ia:pointreyesguidet00whit |
| Source | Internet Archive |
| Download MARC XML | https://archive.org/download/pointreyesguidet00whit/pointreyesguidet00whit_marc.xml |
| Download MARC binary | https://www.archive.org/download/pointreyesguidet00whit/pointreyesguidet00whit_meta.mrc |
LEADER: 01479cam 2200361 a 4500
001 ocm12189172
003 OCoLC
005 20100830144140.0
008 850530s1985 caua b 001 0 eng
010 $a 85051088
040 $aDLC$cDLC$dOCL$dBTCTA$dBAKER$dYDXCP
020 $a0899970567 (pbk.) :$c$8.95
020 $a9780899970561 (pbk.)
035 $a(OCoLC)12189172
043 $an-us-ca
050 00 $aF868.P9$bW47 1985
082 00 $a917.94/62$219
100 1 $aWhitnah, Dorothy L.
245 10 $aPoint Reyes :$ba guide to the trails, roads, beaches, campgrounds, lakes, trees, flowers, and rocks of Point Reyes National Seashore /$cDorothy L. Whitnah.
250 $a2nd ed.
260 $aBerkeley, CA :$bWilderness Press,$c1985.
300 $a117 p. :$bill. ;$c23 cm.
504 $aIncludes bibliographies and index.
651 0 $aPoint Reyes National Seashore (Calif.)$vGuidebooks.
938 $aBaker and Taylor$bBTCP$n85051088 //r92$c$8.95
938 $aBaker & Taylor$bBKTY$c10.95$d8.21$i0899970567$n0000983111$sactive
938 $aYBP Library Services$bYANK$n1040065
952 $a12189172$zDLC$bLIBRARY OF CONGRESS$hFull$iLCC$kDDC$u20080404
952 $a131850041$zJTC$bSHASTA PUB LIBR$hOther$iLCC$kDDC$u20100716
952 $a151513255$zLLB$bLAWRENCE BERKELEY LAB LIBR$hFull$iLCC$kDDC$u20100712
952 $a215206509$zCUY$bUNIV OF CALIFORNIA, BERKELEY$hFull$iLCC$kDDC$u20100718
994 $aZ0$bPMR
948 $hNO HOLDINGS IN PMR - 47 OTHER HOLDINGS